Statistiques concernant Football - Tous les matchs internationaux du Vatican

Cliquez ici pour prendre le quiz!

Statistiques générales

  • Ce quiz a été pris 63 fois
  • Le résultat moyen est 4 sur 8

Statistiques - réponses

DateScorePays% Correct
22 novembre 19940-0Saint-Marin
93%
23 novembre 20020-0Monaco
55%
7 mai 20111-2Monaco
55%
22 juin 20130-2Monaco
55%
10 mai 20140-2Monaco
55%
29 avril 20170-2Monaco
55%
26 octobre 20101-9Palestine
4%
23 mars 20192-2Rhétie
0%

Distribution des résultats

Percentile par nombre de réponses

% des personnes avec chaque résultat

Votre développement - résultats

Vous n’avez pas pris ce quiz